Statistiques concernant Villes sportives victorieuses américaines

Cliquez ici pour prendre le quiz!

Statistiques générales

  • Ce quiz a été pris 22 fois
  • Le résultat moyen est 14 sur 24

Statistiques - réponses

NBANFLMLSMLBNHLTotalÉtatVille% Correct
17268235CALos Angeles
95%
320207FLMiami
95%
24129844NYNew York
95%
17609638MABoston
91%
6116620ILChicago
91%
131038CODenver
77%
500005TXSan Antonio
77%
1341110DCWashington
77%
202206TXHouston
73%
7508020CASan Francisco
73%
150017TXDallas
64%
310228PAPhiladelphie
64%
10121115ONToronto
64%
30041118MIDétroit
55%
00002222QCMontréal
50%
101406GAAtlanta
45%
020035FLTampa
45%
0605516PAPittsburgh
41%
01011113MOSt-Louis
41%
042208MOKansas City
27%
0309012CAOakland
27%
020305MDBaltimore
18%
000055ABEdmonton
18%
000505OHCincinnati
14%

Distribution des résultats

Percentile par nombre de réponses

% des personnes avec chaque résultat

Votre développement - résultats

Vous n’avez pas pris ce quiz